Plan de ordenamiento y manejo de la cuenca del rio Cane-Iguaque (Registro nro. 7716)
[ vista simple ]
| 000 -CABECERA | |
|---|---|
| Campo de control | 00897nam a22002057a 4500 |
| 005 - FECHA Y HORA DE LA ULTIMA TRANSACCION | |
| Campo de control | 20131101135928.0 |
| 008 - ELEMENTOS DE LONGITUD FIJA—INFORMACION GENERAL | |
| Campo de control | 131101b xxu||||| |||| 00| 0 spa d |
| 041 ## - IDIOMA | |
| Código de idioma para texto/pista de sonido o título separado | Español |
| 044 ## - PAÍS DE PUBLICACIÓN | |
| País de publicación | Colombia |
| 090 ## - CLASIFICACIÓN LOCAL | |
| Colección | IAVH |
| Consecutivo | 01413 |
| 100 ## - ASIENTO PRINCIPAL--NOMBRE PERSONAL | |
| Nombre personal | Ramirez; Diana Patricia |
| 245 ## - MENCION DE TITULO | |
| Título | Plan de ordenamiento y manejo de la cuenca del rio Cane-Iguaque |
| Parte restante del título | Comision conjunta Corpoboya-DTNA UAESPNN |
| 260 ## - PUBLICACION, DISTRIBUCION, ETC. (PIE DE IMPRENTA) | |
| Lugar de publicación, distribución, etc. | Bogota |
| Nombre del editor, distribuidor, etc. | Instituto de Investigación de Recursos Biológicos Alexander von Humboldt |
| Fecha de publicación, distribución, etc. | 2006 |
| 300 ## - DESCRIPCION FISICA | |
| Extensión | 345 p. |
| Otros detalles físicos | il |
| Material acompañante | Cd |
| 520 ## - NOTA DE RESUMEN, ETC. | |
| Nota de resumen | Desarrollo de las fases de apresamiento y diagnostico, inicio de la fases de prospectiva, formulación e implementan de casos piloto en el marco convenio 033 del 2006 |
| 650 ## - ASIENTO SECUNDARIO DE MATERIA - TERMINO TEMATICO | |
| Término temático o nombre geográfico como elemento de entrada | Manejo sostenible recursos naturales |
| 650 ## - ASIENTO SECUNDARIO DE MATERIA - TERMINO TEMATICO | |
| Término temático o nombre geográfico como elemento de entrada | Aprovechamiento de los recursos naturales |
| 700 ## - ASIENTO SECUNDARIO - NOMBRE PERSONAL | |
| Nombre personal | Diana Patricia Ramirez; .[et al]. |
| 942 ## - ELEMENTOS ADICIONALES (KOHA) | |
| Sistema de clasificación | Local |
| Tipo de ítem | Impreso |
| Withdrawn status | Lost status | Sistema de Clasificación | Damaged status | No para préstamo | Colección | Ubicación Permanente | Ubicación actual | Fecha de adquisición | Total Checkouts | Inventario / Código de Barras | Date last seen | Ejemplar | Price effective from | Tipo de material |
|---|---|---|---|---|---|---|---|---|---|---|---|---|---|---|
| Local | Humboldt | Bogotá | Bogotá | 01/11/2013 | AUTO_11929 | 01/11/2013 | Ej 1 | 01/11/2013 | Libro |